Joueur Français le mieux placé au ballon d'or par année - Statistiques

Statistiques générales
  • Ce quiz a été pris 1 375 fois
    1 271 depuis la dernière actualisation
  • Le résultat moyen est 36 sur 59
Statistiques - réponses
Année Joueur Rang Points ou Pourcentage % Correct
2002 Zinedine Zidane 4 78
96%
2001 Zinedine Zidane 9 14
96%
2000 Zinedine Zidane 2 181
96%
1999 Zinedine Zidane 19 4
96%
1998 Zinedine Zidane 1 244
96%
1997 Zinedine Zidane 3 63
96%
2016 Antoine Griezmann 3 198
93%
2017 Kilian Mbappé 7 48
93%
2009 Thierry Henry 15 9
89%
2006 Thierry Henry 3 121
89%
2005 Thierry Henry 4 41
89%
2004 Thierry Henry 4 80
89%
2003 Thierry Henry 2 128
89%
2001 Thierry Henry 9 14
89%
2014 Karim Benzema 16 0,75%
88%
2012 Karim Benzema 22 0,07%
88%
2011 Karim Benzema - -
88%
1985 Michel Platini 1 127
88%
1984 Michel Platini 1 128
88%
1983 Michel Platini 1 110
88%
1981 Michel Platini 4 36
88%
1980 Michel Platini 3 33
88%
1979 Michel Platini 5 23
88%
1977 Michel Platini 3 70
88%
1976 Michel Platini 5 19
88%
2013 Franck Ribéry 3 23,36%
84%
2008 Franck Ribéry 16 7
84%
2007 Franck Ribéry 17 10
84%
1992 Jean-Pierre Papin 16 2
74%
1991 Jean-Pierre Papin 1 141
74%
1990 Jean-Pierre Papin 11 3
74%
1989 Jean-Pierre Papin 10 10
74%
2015 Paul Pogba 15 32
71%
1962 Raymond Kopa 11 4
68%
1960 Raymond Kopa 6 14
68%
1959 Raymond Kopa 2 42
68%
1958 Raymond Kopa 1 71
68%
1957 Raymond Kopa 3 16
68%
1956 Raymond Kopa 3 33
68%
1996 Éric Cantona 7 24
51%
1993 Éric Cantona 3 34
51%
1982 Alain Giresse 2 64
32%
1995 Marcel Desailly 11 16
32%
1994 Marcel Desailly 9 8
32%
1978 Marius Trésor 19 2
24%
1972 Marius Trésor 18 1
24%
2011 Eric Abidal - -
18%
1970 Jean Djorkaeff 24 1
17%
1987 Manuel Amoros 12 5
12%
1986 Manuel Amoros 4 22
12%
1975 Jean-Marc Guillou 23 2
2%
1974 Jean-Marc Guillou 19 1
2%
1961 Lucien Muller 28 2
2%
1969 Gilbert Gress 23 1
1%
1967 Nestor Combin 27 1
1%
1964 Nestor Combin 19 1
1%
1965 Philippe Gondet 17 2
1%
1961 Pierre Bernard 28 2
1%
1963 Robert Herbin 17 2
1%
Aucun quiz correspondant
Distribution des résultats
% des personnes avec chaque résultat
Percentile par nombre de réponses
Votre historique - résultats
Vous n’avez pas pris ce quiz depuis la dernière actualisation